000 00573nam a2200193Ia 4500
005 20250923144930.0
008 008 250917s9999 xx 000 0 eng d
037 _aTextual
040 _aDSWL
_beng
_cDSWL
041 _aeng
_2eng
084 _aV2:263:N5, K2.2
_qDSWL
100 _aRetzlaff, R.H.
_9829975
245 0 _aVillages government in India : A case study
_cby R.H. Retzlaff
260 _aBombay
_bAsia Publiing House
365 _aINR
_b10
925 _g10
942 _cTEXL
_hV2:263:N5, K2.2
999 _c1445119
_d1445119